Central Library OPAC University of Rajshahi

Closing the gap in education and technology / (Record no. 52206)

MARC details
000 -LEADER
fixed length control field 00853pam a2200265 a 4500
001 - CONTROL NUMBER
control field 52206
003 - CONTROL NUMBER IDENTIFIER
rucl marc code BD-RjUL
005 - DATE AND TIME OF LATEST TRANSACTION
control field 20211209075752.0
008 - FIXED-LENGTH DATA ELEMENTS--GENERAL INFORMATION
fixed length control field 1609 s2003 dcua b o000 0 eng
020 ## - INTERNATIONAL STANDARD BOOK NUMBER
International Standard Book Number 0821351729
035 ## - SYSTEM CONTROL NUMBER
System control number (BD-RjUL)52326
040 ## - CATALOGING SOURCE
Original cataloging agency DLC
Transcribing agency DLC
Modifying agency DLC
-- BD-RjUL
Language of cataloging eng
041 ## - LANGUAGE CODE
Language code of text/sound track or separate title eng
082 ## - DEWEY DECIMAL CLASSIFICATION NUMBER
Edition number 23
Classification number 338.47378098
Author mark and year WOC 2003
110 1# - MAIN ENTRY--CORPORATE NAME
Corporate name or jurisdiction name as entry element World Bank
9 (RLIN) 156474
245 10 - TITLE STATEMENT
Title Closing the gap in education and technology /
Statement of responsibility, etc. World Bank ; by David de Ferranti ... [et al.].
260 ## - PUBLICATION, DISTRIBUTION, ETC. (IMPRINT)
Place of publication, distribution, etc. Washington, D.C. :
Name of publisher, distributor, etc. World Bank,
Date of publication, distribution, etc. c2003.
300 ## - PHYSICAL DESCRIPTION
Pagination xii, 216 p. :
Illustrations ill. ;
Size 28 cm.
504 ## - BIBLIOGRAPHY, ETC. NOTE
Bibliography, etc Includes bibliography
650 #0 - SUBJECT ADDED ENTRY--TOPICAL TERM
Topical term or geographic name as entry element Educational tecnology
9 (RLIN) 156154
Topical term or geographic name as entry element Education Media
9 (RLIN) 156155
700 1# - ADDED ENTRY--PERSONAL NAME
Personal name De Ferranti, David
830 #0 - SERIES ADDED ENTRY--UNIFORM TITLE
Uniform title World Bank Latin American and Caribbean studies
942 ## - ADDED ENTRY ELEMENTS (KOHA)
Source of classification or shelving scheme Dewey Decimal Classification
Koha item type Books
Holdings
Lost status Source of classification or shelving scheme Damaged status Not for loan Collection code Permanent Location Current Location Shelving location Date acquired Source of acquisition Cost, normal purchase price Total Checkouts Full call number Date last seen Copy number Koha item type
  Dewey Decimal Classification     Non-fiction Central Library, University of Rajshahi Central Library, University of Rajshahi   28/05/2006 Paragogn Enterprise, Dhaka 25.00   338.47378098 WOC 2003 06/09/2016 C-2 Books
  Dewey Decimal Classification   Not For Loan Non-fiction Central Library, University of Rajshahi Central Library, University of Rajshahi Reading Room 28/05/2006 Paragogn Enterprise, Dhaka 25.00   338.47378098 WOC 2003 20/12/2016 C-1 Books